| 000 | 01066nam a2200289 a 4500 | ||
|---|---|---|---|
| 001 | 000040043 | ||
| 005 | 20201002033901.0 | ||
| 008 | 130805s1997 mx a 000 0 spa d | ||
| 020 | _a9701023382 | ||
| 040 |
_aDO-SdBNP _bspa _cBNPHU |
||
| 082 |
_a617.96 _bA579c, 1997 |
||
| 245 | 0 | 0 |
_aAnestesia clínica / _ceditado Paul G. Barash, Bruce F. Cullen, Robert K. Stoelting ; traducción Jorge Orizaga Samperio, Martha Elena Araiza M. , Eduardo Rivero Sigarroa. |
| 250 | _a3a ed. | ||
| 260 |
_aMéxico : _bMcGraw-Hill, _c1997. |
||
| 300 |
_a2v. : _bil. ; _c28 cm. |
||
| 500 | _aLa biblioteca posee el v.1 | ||
| 534 | _aTraducido de: Clinical anesthesis | ||
| 650 | 4 |
_aAnestesía _966289 |
|
| 650 | 4 |
_aAnestesiología _920118 |
|
| 700 | 1 | 2 |
_aBarash, Paul G. _eed. _966290 |
| 700 | 1 | 2 |
_aCullen, Bruce F. , _eed. _966291 |
| 700 | 1 | 2 |
_aStoelting, Robert K., _eed. _966292 |
| 700 | 1 | 2 |
_aOrizaga Samperio, Jorge, _etr. _966293 |
| 700 | 1 | 2 |
_aAraiza, Martha Elena, _etr. _966294 |
| 700 | 1 | 2 |
_aRivero Sigarroa, Eduardo, _etr. _966295 |
| 910 | _aValidado. Control de calidad MFF | ||
| 999 |
_c39533 _d39533 |
||